000 00423nam a2200169Ia 4500
008 230524s9999 xx 000 0 und d
020 _a8188429600
082 _a55.133
_bPRA
100 _aP.Balakrishna Prasad
245 0 _aOperating Systems and Systems Programming
250 _a2ND
260 _aNEW DELHI
_bScitech
_c2005
300 _aXVII;735
500 _aQuantity Number: 6
650 _aComp-Sc
942 _cBK
999 _c18874
_d18874